000
00281nam a2200109Ia 4500
008
231129s9999||||xx |||||||||||||| ||spa||
082
_a
540.7 V432q
100
_a
Vejarano Gregorio
245
0
_a
Quimica fundamental : experimentos y conceptos
264
_a
Norma
942
_2
ddc
_c
BKS
999
_c
23648
_d
23648